Cervantes: la invención del Quijote

Kaydedildi:
Detaylı Bibliyografya
Yazar: Marasso, Arturo (autor)
Materyal Türü: Kitap
Dil:İspanyolca
Baskı/Yayın Bilgisi: Buenos Aires Libreria Hachette 1954
Seri Bilgileri:Colección Lumen
Konular:
Etiketler: Etiketle
Etiket eklenmemiş, İlk siz ekleyin!

MARC

LEADER 00000nam a2200000 a 4500
001 UCX6854
003 CL-VaPUC
008 930826e19540000AG |||||||||||||||||spa|d
082 0 4 |a 863.09  |b MAR  |2 21 
100 |a Marasso, Arturo  |e autor  |9 323482 
245 1 0 |a Cervantes: la invención del Quijote 
300 |a 343 p 
942 |c BK 
945 |d 19930826 00:00:00 
260 |a Buenos Aires  |b Libreria Hachette  |c 1954 
600 0 |a Cervantes y Saavedra, Miguel de  |9 267947 
650 0 |a Crítica e interpretación   |9 255042 
583 |a last modification  |c 19930826 00:00:00  |k Rodrigo Vera 
490 0 |a Colección Lumen 
999 |c 226797  |d 226795 
952 |0 0  |1 0  |4 0  |6 863_090000000000000_MAR_1954  |7 0  |8 A  |9 225410  |a BIBEDU  |b BIBEDU  |d 2019-11-15  |i 2941066  |o 863.09 MAR 1954  |p 2941066  |r 2019-11-15  |w 2019-11-15  |y BK  |k LIT